000 00749nam a2200217 a 4500
001 BRL_1958
005 20190320211442.0
008 211216s1949----mx-#######---#000-0#spa-#
041 _aspa
050 4 _bL43 1949
100 1 _aLechuga Vergara, Carlos
_928312
245 1 0 _aConsideraciones sobre el estado de las higienes materna e infantil en San Bartolo Tutotepec, Hgo.
260 _aMéxico, D.F.
_c1949
300 _a69 p.
_bil., tablas
_c22 cm.
500 _aAu1251
500 _aCon dedicatoria personal
502 _aTesis licenciatura (Licenciado en Medico Cirujano y Partero) UNAM, Facultad Nacional de Medicina
650 1 4 _aInfantil
_xCuidado e higiene
_zSan Bartolo Tutotepec, Hidalgo
_928313
902 _aTERL
942 _2lcc
_cTES
999 _c10765
_d10765